BUBT Library Online Catalog

Financial Accounting : (Record no. 6349)

000 -LEADER
fixed length control field 00693nam a22002177a 4500
003 - CONTROL NUMBER IDENTIFIER
control field BUBTL
008 - FIXED-LENGTH DATA ELEMENTS--GENERAL INFORMATION
fixed length control field 200902b xxu||||| |||| 00| 0 eng d
020 ## - INTERNATIONAL STANDARD BOOK NUMBER
International Standard Book Number 0070434360
082 ## - DEWEY DECIMAL CLASSIFICATION NUMBER
Classification number 657/ M4761f/ 1998
100 ## - MAIN ENTRY--PERSONAL NAME
Personal name Meigs, Robert F.
9 (RLIN) 200
245 ## - TITLE STATEMENT
Title Financial Accounting :
Remainder of title Robert F. Meigs, Mary A. Meigs and Mark Bettner and Ray Whittington
250 ## - EDITION STATEMENT
Edition statement 9th
260 ## - PUBLICATION, DISTRIBUTION, ETC. (IMPRINT)
Place of publication, distribution, etc. Boston
Name of publisher, distributor, etc. McGraw Hill
Date of publication, distribution, etc. c1998
300 ## - PHYSICAL DESCRIPTION
Extent [xix], 707p . :
Other physical details ill. ; 28cm.
500 ## - GENERAL NOTE
General note Includes Index
650 ## - SUBJECT ADDED ENTRY--TOPICAL TERM
Topical term or geographic name as entry element Accounting
9 (RLIN) 3413
700 ## - ADDED ENTRY--PERSONAL NAME
Personal name Robert F. Meigs, Mary A. Meigs and Mark Bettner and Ray Whittington
9 (RLIN) 3414
856 ## - ELECTRONIC LOCATION AND ACCESS
Password 0
Logon 0
Link text Download
942 ## - ADDED ENTRY ELEMENTS (KOHA)
Source of classification or shelving scheme
Koha item type Books
Holdings
Withdrawn status Lost status Source of classification or shelving scheme Damaged status Not for loan Collection code Permanent location Current location Shelving location Date acquired Inventory number Total Checkouts Full call number Barcode Date last seen Copy number Price effective from Koha item type
          Non-fiction Bangladesh University of Business and Technology Library Bangladesh University of Business and Technology Library Accounting Stacks 09/02/2020 941   657/MEF BUBTL-2003941 09/02/2020 C-1 09/02/2020 Books

More Information About Library

Library Hours

  • Open: 9.00 am. to 9.00 pm.
  • Only Sunday: 9.00 am. to 6.00 pm.
  • Closed: Holiday

Contact to the University

Bangladesh University of Business and Technology Library

  • Mirpurl-2, 1216.
  • Phone:
  • Fax:
  • E-Mail: admin.library@bubt.edu.bd

Contact to the Library

Contact Person:

Md. Abdul Hakim Shah
Joint Librarian
PABX No:  113
Cell No: 01816332931
E-mail: official: admin.library@bubt.edu.bd
Personal: hakim.shah@bubt.edu.bd


BUBT Library

Copyright © 2021